000 00746nam a2200217 i 4500
001 144643
003 ES-MaACL
005 20230906201051.0
007 t|
008 070214s1959 sp |||| | spa d
100 1 _aSimon, Pierre-Henri.
_9106529
245 1 0 _aLiteratura del pecado y de la gracia
_b: (en Francia) /
_cP. H. Simon ; [versión... de F. Sanmartí].
260 _aAndorra :
_bCasal y Vall,
_c1959.
300 _a139 p. ;
_c19 cm.
490 1 _aEnciclopedia del católico en el siglo XX
650 4 _aLiteratura religiosa francesa-
_xHistoria y crítica.
_9164231
700 0 _aSanmartí, F.
_9103180
830 0 _aEnciclopedia del católico en el siglo XX
_9187372
852 _aES-MaACL
_jC-25459
999 _c144643
_d144643